Statistics for U.S. States by Singers and Musicians

Click here to take the quiz!

General Stats

  • This quiz has been taken 126 times
  • The average score is 11 of 16

Answer Stats

HintAnswer% Correct
Buddy Holly / Willie NelsonTexas
89%
Pete Seeger / Billy JoelNew York
88%
Dolly Parton / Tina TurnerTennessee
87%
Jimi Hendrix / Kurt CobainWashington
87%
Frank Sinatra / Bruce SpringsteenNew Jersey
82%
Louis Armstrong / Fats DominoLouisiana
77%
Elvis Presley / B.B. KingMississippi
77%
Ray Charles / Gladys KnightGeorgia
74%
Michael Jackson / John MellencampIndiana
67%
Bob Dylan / PrinceMinnesota
67%
Bob Seger / MadonnaMichigan
65%
Johnny Cash / Glen CampbellArkansas
56%
Woody Guthrie / Reba McEntireOklahoma
54%
Perry Como / Taylor SwiftPennsylvania
54%
Chuck Berry / Sheryl CrowMissouri
50%
Don Ho / Bette MidlerHawaii
49%

Score Distribution

Percentile by Number Answered

Percent of People with Each Score

Your Score History

You have not taken this quiz